书目信息 |
| 题名: |
犯罪心理学
|
|
| 作者: | 山根清道 著 ;张增杰 译 | |
| 分册: | ||
| 出版信息: | 北京 群众出版社 1984 |
|
| 页数: | 396页 | |
| 开本: | 19cm | |
| 丛书名: | ||
| 单 册: | ||
| 中图分类: | D917 , B849:D917 | |
| 科图分类: | ||
| 主题词: | 司法心理学 , 应用心理学 | |
| 电子资源: | ||
| ISBN: | ||
| 000 | 00736nam0 2200277 45 | |
| 001 | 0184016951 | |
| 005 | 20060411110207.84 | |
| 010 | @dCNY1.65 | |
| 091 | @a3067.194 | |
| 100 | @a19951011d1984 em y0chiy0121 ea | |
| 101 | 1 | @achi@cjpn |
| 102 | @aCN@b110000 | |
| 105 | @ay z 000yy | |
| 106 | @ar | |
| 200 | 10 | @a犯罪心理学@Afan zui xin li xue@f(日)山根清道著@g张增杰译 |
| 210 | @a北京@c群众出版社@d1984 | |
| 215 | @a396页@d19cm | |
| 606 | @a司法心理学 | |
| 606 | 0 | @a应用心理学 |
| 690 | @aD917@v3 | |
| 690 | @aB849:D917@v3 | |
| 701 | 0 | @a山根清道@Ashan gen qing dao@4著 |
| 702 | 0 | @a张增杰@Azhang zeng jie@4译 |
| 801 | 0 | @aCN@b深圳图书馆@c20060411 |
| 801 | 2 | @aCN@bNLC@c20040506 |
| 905 | @f1@b128305@dB849:D917@e193 | |
| 犯罪心理学/(日)山根清道著/张增杰译.-北京:群众出版社,1984 |
| 396页;19cm |
| ISBN :CNY1.65 |
| ● |
| 相关链接 |
|
|
|
|
正题名:犯罪心理学
索取号:B849:D917/193
 
预约/预借
| 序号 | 登录号 | 条形码 | 馆藏地/架位号 | 状态 | 备注 |
| 1 | 0128304 | 000422180 | 密集书库/ [索取号:B849:D917/193] | 在馆 | |
| 2 | 0128305 | 000367926 | 第一借阅区/ [索取号:B849:D917/193] | 在馆 |